Φαρμακευτικά προϊόντα φυσικής προελεύσεως

Saved in:
Bibliographic Details
Main Author: Samuelsson, Gunnar
Format: Book
Language:Greek
English
Published: Ηράκλειο : Πανεπιστημιακές Εκδόσεις Κρήτης, 2004.
Edition:2η έκδ.
Series:Πανεπιστημιακή βιβλιοθήκη θετικών επιστημών
Subjects:
Tags: Add Tag
No Tags, Be the first to tag this record!

MARC

LEADER 00000cam a2200000 i 4500
001 1/83506
008 080422s2004 gr | ||| |||| ||gre||
020 |a 9605240157  |z 9605240102 
035 |l 10096943 
040 |a GR-MyUA  |b gre  |e AACR2 
041 1 |a gre  |h eng 
082 0 |a 615.321  |2 (22) 
100 1 |a Samuelsson, Gunnar. 
245 1 0 |a Φαρμακευτικά προϊόντα φυσικής προελεύσεως /   |c Gunnar Samuelsson ; απόδοση στην ελληνική - γενική επιστημονική επιμέλεια Παύλος Κορδοπάτης, Έβη Μάνεση-Ζούπα, Γιώργος Πάϊρας.  
250 |a 2η έκδ.  
260 |a Ηράκλειο :   |b Πανεπιστημιακές Εκδόσεις Κρήτης,   |c 2004.  
300 |a xvi, 467 σ. :   |b έγχρ. εικ., σχέδια ;   |c 25 εκ.  
490 1 |a (Πανεπιστημιακή Βιβλιοθήκη Θετικών Επιστημών)  
500 |a Οι Πανεπιστημιακές Εκδόσεις Κρήτης είναι τμήμα του Ιδρύματος Τενολογίας και Έρευνας 
500 |a Τίτλος πρωτοτύπου: Drugs of natural origin.  
504 |a Βιβλιογραφία: σ. [449]-450.  
504 |a Ευρετήριο: σ. [451]-467.  
650 0 0 |a Pharmacognosy. 
650 0 0 |a Natural products  |x Structure. 
830 0 |a Πανεπιστημιακή βιβλιοθήκη θετικών επιστημών 
852 |a INST  |b LEMNOS  |c EUDOXUS  |e 20170912  |h 615.321 SAM  |p 005600002679  |q 005600002679  |t BK  |y 0 
852 |a INST  |b LESVOS  |e 20080422  |h 615.321 SAM  |p 005100039668  |q 005100039668  |t BK  |y 0 
901 |a BIBL1-2008-1 
909 |a Λ  |b 142037 
922 |a 1ΕΛΗ  |b 200711  |c ΕΠΕΑΕΚ2/ΤΠ  |d Σ. ΠΑΤΑΚΗΣ 
970 |a ΚΑΡΑ  |b ΓΙΑΣΕΜΗ  |z 2008/04/22